Statistics for Inanimate Object Pokemon

Click here to take the quiz!

General Stats

  • This quiz has been taken 33 times
  • The average score is 23 of 30

Answer Stats

ObjectPokemon% Correct
PokeballVoltorb | Electrode
95%
ChandelierChandelure
85%
SludgeGrimer | Muk
85%
OvenHeat Rotom
85%
GearKlink | Klang | Klinklang
85%
LawnmowerMow Rotom
85%
Trash BagTrubbish | Garbodor
85%
Ice Cream ConeVanillite | Vanillish | Vanilluxe
85%
SnowflakeCryogonal
80%
FanFan Rotom
80%
RefrigeratorFrost Rotom
80%
Shooting Star / MeteorMinior
80%
TeaSinistea | Polteageist
80%
Washing MachineWash Rotom
80%
Whipped CreamAlcremie
75%
Wind ChimeChimecho
75%
Steering Wheel / AnchorDhelmise
75%
Hot Air BalloonDrifblim
75%
SwordHonedge | Doublade | Aegislash
75%
KeychainKlefki
75%
Lamp PostLampent
75%
CandleLitwick
75%
Brick TowerStakataka
75%
Cotton CandySwirlix | Slurpuff
75%
MilkMilcery
70%
Sand CastlePalossand
70%
Clay FigureBaltoy | Claydol
65%
PuppetShuppet | Banette
65%
Cicada ShellShedinja
60%
BellBronzong
45%

Score Distribution

Percentile by Number Answered

Percent of People with Each Score

Your Score History

You have not taken this quiz